| 000 | 00486nam a2200181 a 4500 | ||
|---|---|---|---|
| 001 | 3405 | ||
| 003 | CDMR | ||
| 005 | 20130610121118.0 | ||
| 008 | 130130s2010||||||||||||||||||||||||||||d | ||
| 040 |
_aCDMR _bcat _cCDMR |
||
| 100 | 1 |
_aBosch, Xavier _92452 |
|
| 245 | 1 | 0 |
_aSe sabrĂ tot _cXavier Bosch |
| 260 |
_aBarcelona _c2010 _bProa |
||
| 300 |
_a302 p ; _c23 cm |
||
| 650 | 0 | 4 |
_aReportatges literaris _vReportatges novel.lats _9797 |
| 650 | 0 | 4 |
_aBarcelona (Catalunya) _93298 |
| 942 |
_cMON _2udc |
||
| 999 |
_c3405 _d3405 |
||